000 01811nam0a2200397 4500
001 RU\NLR\BIBL_A\012526154
005 20210607130731.0
010 _a978-5-9776-0489-5
_9500
021 _aRU
_bКН-П-20-090452
_9КН-П-20-6860
035 _a(NLR Aleph) 012526154
035 _a(RuMoRGB)010544399
090 _a12344997
_c12344997
100 _a20210524d2021 u y0rusy50 ca
101 0 _arus
102 _aRU
105 _ay j 001zy
181 0 _ai
_baxxe
182 0 _an
200 1 _aЧисленные методы линейной алгебры
_eучебное пособие
_eдля математических направлений и специальностей
_fГ. С. Шевцов, О. Г. Крюкова, Б. И. Мызникова
203 _aТекст
_bвизуальный
_cнепосредственный
205 _a3-е изд., перераб. и доп.
210 _aМосква
_cМагистр
_d2021
215 _a526, [2] с.
_cтабл.
_d22
300 _aНа обл.: 3-е изд.
313 _a2-е изд. 2011 г.
320 _aБиблиогр.: с. 521-522 (44 назв.)
320 _aПредм. указ.: с. 523-527
606 1 _aЛинейная алгебра
_xЗадачи
_xРешение
_xЧисленные методы
_jУчебные издания для высших учебных заведений
_2nlr_sh2
_3RU\NLR\auth\661261609
686 1 _aВ192.161я73-1
700 1 _aШевцов
_bГ.С.
_f1925-
_gГеоргий Семенович
701 1 _aКрюкова
_bО. Г.
_gОльга Георгиевна
701 1 _aМызникова
_bБ. И.
_gБэла Исаковна
942 _cBOOK
980 _aNB